Sports Quiz

Random Sports or Hockey Quiz

I Pity the April Fool: Sports Quiz Stats

 Plays Quiz not verified by Sporcle

Score 0/25 Timer 07:00
1 Play Today
% Correct
Mike Tyson
80%
Michael Jordan
77.2%
Tom Brady
75.3%
Ryan Lochte
73.4%
Johnny Manziel
69.3%
Bill Buckner
67.9%
Ray Rice
67.4%
Jim Kelly
64.9%
Chip Kelly
63.9%
Ricky Williams
63.4%
Steve Bartman
63.1%
Jason Pierre-Paul
62.9%
Jose Canseco
62.3%
% Correct
Tony Romo
56.9%
Greg Norman
55.7%
Sam Bowie
55.5%
Matt Hasselbeck
54.1%
Leon Lett
53.3%
Scott Norwood
52.1%
Robin Ventura
51.6%
DeShone Kizer
51.1%
Mitch Williams
44.5%
Fred Lorz
41.3%
Jean Van De Velde
37.2%
Steve Smith
24.2%

You're not logged in!

Compare scores with friends on all Sporcle quizzes.
OR
Log In

Show Comments

Extras

Top Quizzes Today


Score Distribution

Your Account Isn't Verified!

In order to create a playlist on Sporcle, you need to verify the email address you used during registration. Go to your Sporcle Settings to finish the process.

Report this User

Report this user for behavior that violates our Community Guidelines.

Details: